| 000 | 00000nam##2200000za#4500 |
| 001 | 9.615003 |
| 003 | CaOODSP |
| 005 | 20250319122325 |
| 007 | ta |
| 008 | 150406|2000||||xxc||||| f|0| 0 eng|d |
| 020 | |a0-662-28363-5 |
| 022 | |a0576-6370 |
| 040 | |aCaOODSP|beng |
| 043 | |an-cn--- |
| 086 | 1 |aCW69-1/102E |
| 110 | 2 |aCanadian Wildlife Service. |
| 245 | 10|aPopulation modelling and management of Snow Geese / |cEdited by Hugh Boyd. |
| 260 | |aOttawa - Ontario : |bEnvironment Canada. |c2000. |
| 300 | |a36p. : |bfigs., graphs, references, tables ; |c28 cm. |
| 490 | 1 |aOccasional paper - Canadian Wildlife Service|x0576-6370|v102 |
| 500 | |a"This occasional paper is unusual in consisting of three separate but related papers. [The relative impact of a spring hunt on snow goose population dynamics; Impact of hunting on population growth of mid-continent lesser snow geese and Snow geese: can we pay down the mortgage?]"--Page 4. |
| 520 | 3 |aThis occasional paper is unusual in consisting of three separate but related papers. [The relative impact of a spring hunt on snow goose population dynamics; Impact of hunting on population growth of mid-continent lesser snow geese and Snow geese: can we pay down the mortgage?]--Page 4 |
| 563 | |aSoftcover |
| 590 | |a00-14|b2000-04-07 |
| 690 | 07|aHunting (Sport)|2gcpds |
| 690 | 07|aBirds|2gcpds |
| 690 | 07|aEcosystems|2gcpds |
| 720 | 1 |aBoyd, Hugh |
| 776 | 0#|tPopulation modelling and management of Snow Geese / |w(CaOODSP)9.570065 |
| 830 | #0|aOccasional paper (Canadian Wildlife Service)|x0576-6370|v102|w(CaOODSP)9.514489 |